|
|
|
|
| LEADER |
00000nam0a2200000 4500 |
| 001 |
359919 |
| 005 |
20231101042832.0 |
| 035 |
|
|
|a (RuTPU)RU\TPU\retro\17225
|
| 035 |
|
|
|a RU\TPU\book\107211
|
| 090 |
|
|
|a 359919
|
| 100 |
|
|
|a 20210208d1965 km y0rusy50 ca
|
| 101 |
0 |
|
|a rus
|
| 102 |
|
|
|a RU
|
| 105 |
|
|
|a a z 001zy
|
| 200 |
1 |
|
|a Образование трещин при термической обработке стальных изделий
|f Е. И. Малинкина
|
| 205 |
|
|
|a 2-е изд., перераб. и доп.
|
| 210 |
|
|
|a Москва
|c Машиностроение
|d 1965
|
| 215 |
|
|
|a 176 с.
|c ил.
|
| 320 |
|
|
|a Библиогр.: с. 172-175.
|
| 333 |
|
|
|a Исключено из фонда НТБ ТПУ
|
| 675 |
|
|
|a 621.78:669.1
|v 3
|
| 700 |
|
1 |
|a Малинкина
|b Е. И.
|g Евдокия Ильинишна
|
| 801 |
|
1 |
|a RU
|b 63413507
|c 20060713
|g PSBO
|
| 801 |
|
2 |
|a RU
|b 63413507
|c 20220617
|g PSBO
|
| 942 |
|
|
|c BK
|